Datum a čas kvízu
24
Celkem bodů
Celkový počet nahraných bodů na tomto kvízu bez doplňovacích otázek.
5.
Pořadí na kvízu
Konečné umístění týmu na tomto kvízu.
Zaznamenané odpovědi
| # | Otázka | Odpověď | Body | Výsledky |
|---|---|---|---|---|
| 1. | Česká armáda se minulý týden r... | Jak-40 | 0 | |
| 2. | Jistá evropská země se poprvé... | Norsko | 0 | |
| 3. | Hlavní cenu Magnesia Litera –... | Jan Žižka | 0 | |
| 4. | Přepestrou nabídku českých min... | Chrudim | 1 | |
| 5. | Do koňského nebe odešla minulý... | Sixteen | 0 | |
| 6. | Když se Roald Amundsen dozvědě... | Robert Scott | 0 | |
| 7. | Snahy o prozkoumání polárních... | William Baffin | 0 | |
| 8. | „Svět kolem mne byl tak laskav... | Annapurna | 0 | |
| 9. | Roku 1938 byla poprvé pokořena... | Heinrich Harrer, Sedm let v Tibetu | 0 | |
| 10. | Podmořští výzkumníci Jacques P... | batyskaf | 0 |